RICS global distressed property monitor (Record no. 111462)

MARC details
000 -LEADER
fixed length control field 01284cad a22002295a 4500
001 - CONTROL NUMBER
control field E151588
008 - FIXED-LENGTH DATA ELEMENTS--GENERAL INFORMATION
fixed length control field 101122s2010 xxk f 000 0 eng d
035 ## - SYSTEM CONTROL NUMBER
System control number (Sirsi) u151588
041 0# - LANGUAGE CODE
Language code of text/sound track or separate title eng
050 04 - LIBRARY OF CONGRESS CALL NUMBER
Classification number 333.33 $2 18
110 2# - MAIN ENTRY--CORPORATE NAME
Corporate name or jurisdiction name as entry element Royal Institution of Chartered Surveyors
Subordinate unit Economics
9 (RLIN) 5033
245 00 - TITLE STATEMENT
Title RICS global distressed property monitor
Remainder of title Q1 2010
Medium [electronic resource]
260 ## - PUBLICATION, DISTRIBUTION, ETC.
Place of publication, distribution, etc. London
Name of publisher, distributor, etc. RICS
Date of publication, distribution, etc. 2009
490 #0 - SERIES STATEMENT
Series statement RICS Global Distressed Property Monitor
Volume/sequential designation Q1 2010
520 ## - SUMMARY, ETC.
Summary, etc. Reports that 17 of the 25 countries surveyed have seen a rise in distressed properties in Q1 2010. In addition the pace of increase in distressed listings moderated across 64% of countries, although not so in UAE and several Western European countries. The US and Republic of Ireland are expected to see the fastest pace of increase in distressed assets in Q2 2010. Australia, Russia , Hong Kong and India continue to report declines in expected distressed property listings.
521 ## - TARGET AUDIENCE NOTE
Target audience note Advanced
590 ## - LOCAL NOTE (RLIN)
Local note KA
651 #4 - SUBJECT ADDED ENTRY--GEOGRAPHIC NAME
Geographic name International
690 ## - LOCAL SUBJECT ADDED ENTRY--TOPICAL TERM (OCLC, RLIN)
Topical term or geographic name as entry element PROPERTY-COMMERCIAL PROPERTY-COMMERCIAL PROPERTY MARKET
856 40 - ELECTRONIC LOCATION AND ACCESS
Uniform Resource Identifier <a href="https://www.rics.org/site/download_feed.aspx?fileID=6743&fileExtension=PDF">https://www.rics.org/site/download_feed.aspx?fileID=6743&fileExtension=PDF</a>
Public note View the document free of charge (pdf file) at www.rics.org...
942 ## - ADDED ENTRY ELEMENTS (KOHA)
Suppress in OPAC 0
Holdings
Withdrawn status Lost status Source of classification or shelving scheme Damaged status Not for loan Home library Current library Shelving location Date acquired Total Checkouts Full call number Barcode Date last seen Copy number Price effective from Koha item type
    Dewey Decimal Classification     Virtual Virtual Online 22/11/2010   ONLINE PUBLICATION 151588-2001 06/08/2019 1 06/08/2019 Book